ha-Ḳasharit-ha-amitsah : (Record no. 32242)

MARC details
000 -LEADER
fixed length control field 00640cam a22002171 4500
001 - CONTROL NUMBER
control field he 67000537
003 - CONTROL NUMBER IDENTIFIER
control field DLC
005 - DATE AND TIME OF LATEST TRANSACTION
control field 20260227111445.0
008 - FIXED-LENGTH DATA ELEMENTS--GENERAL INFORMATION
fixed length control field 841105s1958 is 000 0 heb
010 ## - LIBRARY OF CONGRESS CONTROL NUMBER
LC control number he 67000537
035 ## - SYSTEM CONTROL NUMBER
System control number (OCoLC)19198480
040 ## - CATALOGING SOURCE
Original cataloging agency DLC
Transcribing agency MH
Modifying agency DLC
042 ## - AUTHENTICATION CODE
Authentication code premarc
050 00 - LIBRARY OF CONGRESS CALL NUMBER
Classification number PJ5053.S315
Item number K3
100 1# - MAIN ENTRY--PERSONAL NAME
Personal name Shalmon, Avraham,
Dates associated with a name 1903-
245 13 - TITLE STATEMENT
Title ha-Ḳasharit-ha-amitsah :
Remainder of title sipur ʻalilah mi-yeme milḥemet ha-shiḥrur...
260 ## - PUBLICATION, DISTRIBUTION, ETC.
Place of publication, distribution, etc. Tel Aviv :
Name of publisher, distributor, etc. Alef,
Date of publication, distribution, etc. 719 [1958 or 1959]
300 ## - PHYSICAL DESCRIPTION
Extent 252 p. :
Other physical details ill. ;
Dimensions 23 cm.
650 #0 - SUBJECT ADDED ENTRY--TOPICAL TERM
Topical term or geographic name entry element Israel-Arab War, 1948-1949
Form subdivision Fiction.
752 ## - ADDED ENTRY--HIERARCHICAL PLACE NAME
Country or larger entity Israel
City Tel Aviv

No items available.

Powered by Koha